00783nab a2200229uuc450000100070000000500170000700800410002403500110006503500210007604000130009704100080011010000410011824500810015965000220024065000280026265000300029070000400032070000410036077301230040194200100052499900190053497107820240201202850.0060420e20040805 eng  a971078 a(OCoLC)820347859 ccomduadb aeng10aNobrega, Otavio T.4auteaut954736010aHygR and PurR plasmid vectors for episomal transfection of Trypanosoma cruzi aPlásmidos94470 aTrypanosoma cruzi99910 aVectores geneticos93859210aSantana, Jaime M.4auteaut955308310aCampbell, David A.4auteaut93667590 tMemorias do Instituto Oswaldo Cruz (Rio de Janeiro)gVol. 099, No. 05, Ago. 2004, p. 513-516w280998x0074-0276096126 cARIMP c380025d380025